000 00351nam a2200157Ia 4500
003 OSt
005 20240311110739.0
008 170524s9999 xx 000 0 und d
020 _a978-0137741755
040 _cIIMTU
100 _aGreen- Paul E.
245 0 _aResearch for Marketing Decisions
260 _bP H I
260 _c1994
942 _2ddc
_c02
999 _c6143
_d6143